Öffentliche Investitionen und Sozialstaat: Perspektiven der Budgetpolitik im Kontext von Energiekrise, Klimawandel und EU-Budgetregeln

Gespeichert in:
Bibliographische Detailangaben
1. Verfasser: Heimberger, Philipp
Format: Buch
Sprache:Deutsch
Veröffentlicht: Vienna The Vienna Institute for International Economic Studies 2023
Schlagworte:
Tags: Tag hinzufügen
Keine Tags, Fügen Sie das erste Tag hinzu!

MARC

LEADER 00000nlm a2200000 4500
001 0291010
005 20240416114203.5
041 0 |a ger 
044 |a AT 
245 1 0 |a Öffentliche Investitionen und Sozialstaat: Perspektiven der Budgetpolitik im Kontext von Energiekrise, Klimawandel und EU-Budgetregeln  |c Philipp Heimberger 
264 1 |a Vienna  |b The Vienna Institute for International Economic Studies  |c 2023 
300 |a 16 s. 
610 2 0 |a investície verejné 
610 2 0 |a štát sociálny 
610 2 0 |a politika rozpočtová 
610 2 0 |a politika fiškálna 
610 2 0 |a kríza energetická 
610 2 0 |a zmeny klimatické 
610 2 0 |a Rakúsko 
610 2 0 |a Európska únia 
100 1 |a Heimberger, Philipp